[Event "CFriend RL-2004-0-00019 email"]
[Site "Chessfriend.com"]
[Date "2004.01.28"]
[Round "?"]
[White "Hughes, Phil HL"]
[Black "Poblete, Litos"]
[Result "0-1"]
[WhiteElo "984"]
[BlackElo "1302"]
[PlyCount "50"]
[EventDate "2004.??.??"]
[EventType "tourn (corr)"]
[EventRounds "6"]
[SourceTitle "Corr 2008"]
[Source "ChessBase"]
[SourceDate "2008.06.24"]
[SourceVersion "1"]
[SourceVersionDate "2008.06.24"]
[SourceQuality "1"]

1. d4 Nf6 2. c4 e6 3. Nc3 Bb4 4. Qc2 c5 5. dxc5 Na6 6. Nf3 Nxc5 7. e3 0-0 8. Be2 Nfe4 9. Bd2 Nxd2 10. Nxd2 Qa5 11. 0-0 Bxc3 12. bxc3 d6 13. Nb3 Qc7 14. Nxc5 Qxc5 15. Rab1 Rb8 16. Rb5 Qc7 17. Rh5 g6 18. Rh4 e5 19. Bd3 f5 20. e4 Qe7 21. Rh6 Kg7 22. Qd2 f4 23. Rh3 Bxh3 24. gxh3 Qh4 25. Kh1 Qxh3 0-1